| 000 | 01221cam a2200277Ia 4500 | ||
|---|---|---|---|
| 999 |
_c8948 _d8948 |
||
| 001 | 320266604 | ||
| 003 | OCoLC | ||
| 005 | 20241126110702.0 | ||
| 008 | 090505s1998 miua b 000 0 eng d | ||
| 020 | _a0913367141 | ||
| 020 | _a9780913367148 | ||
| 035 | _a(OCoLC)320266604 | ||
| 040 |
_aSGB _cSGB _dHNW _dJSG _dCIRBC |
||
| 050 | 1 | 4 |
_aBT1102 _b.W4765 1998 |
| 082 |
_a239 _bWHI |
||
| 092 | 0 |
_a239 _bW5852 |
|
| 100 | 1 |
_aWhite, James Emery, _d1961- _96449 |
|
| 245 | 1 | 2 |
_aA search for the spiritual : _bexploring real Christianity / _cJames Emery White. |
| 250 | _aBilly Graham Evangelistic Association ed. | ||
| 260 |
_aGrand Rapids, Mich. : _bBaker Books, _c1998. |
||
| 300 |
_a153 p. : _bill. ; _c22 cm. |
||
| 504 | _aIncludes bibliographical references (p. 137-153). | ||
| 505 | 0 | _aThe benefits of becoming a seeker -- How to explore Christianity authentically -- Is somebody out there? -- What is God like? -- Why the life of Jesus matters -- Why the death of Jesus matters -- The Bible -- Why is there so much suffering? -- There can't be only one way -- Disappointment with Christians -- But will it work? -- Stop signs for seekers -- When the search is over. | |
| 650 | 0 |
_aApologetics. _985 |
|
| 942 |
_2ddc _cBK _07 |
||